| 000 | 01112nam a2200277Ia 4500 | ||
|---|---|---|---|
| 001 | ebr5000491 | ||
| 003 | CaPaEBR | ||
| 006 | m u | ||
| 007 | cr cn||||||||| | ||
| 008 | 100923r20011995inu s 000 0 eng d | ||
| 040 |
_aCaPaEBR _cCaPaEBR |
||
| 035 | _a(OCoLC)680629008 | ||
| 050 | 1 | 4 |
_aF866 _b.A9318 2001eb |
| 100 | 1 |
_aAustin, Mary Hunter, _d1868-1934. |
|
| 245 | 1 | 4 |
_aThe land of little rain _h[electronic resource] / _cMary Austin. |
| 260 |
_a[South Bend, IN] : _bInfomotions, Inc. ; _a[Salt Lake City, Utah] : _bProject Gutenburg, _c2001, c1995. |
||
| 300 | _a60 p. | ||
| 533 |
_aElectronic reproduction. _bPalo Alto, Calif. : _cebrary, _d2010. _nAvailable via World Wide Web. _nAccess may be limited to ebrary affiliated libraries. |
||
| 650 | 0 |
_aNatural history _zCalifornia. |
|
| 651 | 0 |
_aCalifornia _xDescription and travel. |
|
| 655 | 7 |
_aElectronic books. _2local |
|
| 710 | 2 | _aInfomotions, Inc. | |
| 710 | 2 | _aProject Gutenberg. | |
| 710 | 2 | _aebrary, Inc. | |
| 856 | 4 | 0 |
_uhttp://site.ebrary.com/lib/rucke/Doc?id=5000491 _zAn electronic book accessible through the World Wide Web; click to view |
| 999 |
_c2844 _d2844 |
||